Normal view
MARC view
Entry Personal Name
001 - CONTROL NUMBER
- control field: 27669
003 - CONTROL NUMBER IDENTIFIER
- control field: ARRUPE
005 - DATE AND TIME OF LATEST TRANSACTION
- control field: 20161129110313.0
008 - FIXED-LENGTH DATA ELEMENTS
- fixed length control field: 161129|| aca||aabn | a|a d
040 ## - CATALOGING SOURCE
- Original cataloging agency: ARRUPE
- Transcribing agency: ARRUPE
100 ## - HEADING--PERSONAL NAME
- Personal name: Hegel, Georg Wilhelm Friedrich,
- Dates associated with a name: 1770-1831.
670 ## - SOURCE DATA FOUND
- Source citation: Work cat.: (ARRUPE)0: Caird, Edward, 1835-1908. 27664, Hegel /, 2005.